000 02060nam a2200277Ia 4500
999 _c55253
_d55253
001 22329
003 GE_BSU
005 20250801163447.0
008 181216s2018||||ge |||||||||||||| ||geo||
020 _a9789941254277
040 _cGE_BSU
041 _ageo
080 _a930(479.22)+27.522(479.22) ფ-26
100 _aჯაფარიძე, გოჩა
_93097
245 _aქართველთა სავანეები და სამონასტრო თემი წმინდა მიწაზე XI-XVIII საუკუნეებში : (არაბული ნარატიული და დოკუმენტური წყაროების მიხედვით) /
_cგოჩა ჯაფარიძე ; ივანე ჯავახიშვილის სახ. თბილისის სახელმწ. უნ-ტი.
264 _aთბილისი :
_bმერიდიანი,
_c2018.
300 _a364 გვ. ;
_c24 სმ.
500 _aსაძიებელი : გვ. 362-364
504 _aბიბლიოგრ. გვ. 344-361
520 _aპროექტი განხორციელდა შოთა რუსთველის ერო ვნული სამეცნიერო ფონდის მხარდაჭერით. რეზიუმე ინგლ. ენაზე.
541 _h10 ლ.
653 _aქართველთა სავანეები და სამონასტრო თემი წმინდა მიწაზე XI-XVIII საუკუნეებში : (არაბული ნარატიული და დოკუმენტური წყაროების მიხედვით)
653 _aქართული ეკლესია-მონასტრები იერუსალიმში
653 _aქართული მართლმადიდებლური ეკლესიის ისტორია
942 _cBK
_2udc